000 00821 a2200217 4500
001 41405
005 20260407155708.0
008 260407a1982 arg spa d
003 AR-UNSa-BCEJYS
040 _aAR-UNSa-BCEJYS
_bspa
_cAR-UNSa-BCEJYS
080 _a347.4
_xObligaciones. Contratos. Acuerdos. Convenios
245 1 0 _aIndexación, abuso y desindexación
264 1 _aSanta Fe :
_bRubinzal-Culzoni Editores
_c1982
300 _a281 p.
_c23 cm.
505 _a1. Las condiciones generales de la contratación - 2. El mutuo financiero fructifero - 3. Indexación y abuso - 4. Los remedios legales y judiciales - 5. La medida innovativa y su problemática
041 _aspa
942 _cBK
590 _aniveau_biblio:m niveau_hierar:0
100 1 _aMosset Iturraspe, Jorge
700 1 _aJortack, Víctor Eduardo
999 _c3501
_d3501